El Contexto interno de la política exterior norteamericana /

Enregistré dans:
Détails bibliographiques
Auteur principal: Hughes, B.
Format: Texte
Tags: Ajouter un tag
Pas de tags, Soyez le premier à ajouter un tag!

MARC

LEADER 00000 a a2200000 04500
001 4596
003
040
100 |a Hughes, B.  
245 |a El Contexto interno de la política exterior norteamericana /  |c B. Hughes 
773 |g número 10; páginas 275-290  
999 |c 39612  |d 39612